Statistics for How to Train Your Dragon Dragons!!!

Click here to take the quiz!

General Stats

  • This quiz has been taken 75 times
  • The average score is 9 of 13

Answer Stats

HintAnswer% Correct
hiccups dragon NameToothless
100%
Astred's dragon NameStormfly
97%
Fishleg's dragon NameMeatlug
95%
the twins dragon NameBarf and Belch
93%
where they live is...Berk
93%
Snotlouts dragon NameHookfang
93%
Gustav's dragon NameFanghook
87%
Valka's dragon NameCloudjumper
83%
Stoick's dragon NameSkullcrusher
83%
Gobber's dragon NameGrump
73%
The death song Astred cares for.Garth
7%
Dagur's first dragon NameSattermaster
7%
Grimmle's servant dragonsDeathbringers
3%

Score Distribution

Percentile by Number Answered

Percent of People with Each Score

Your Score History

You have not taken this quiz